Konkurz a reštrukturalizácia, alebo: kedy sa firma dá zachrániť
Z pohľadu bežnej praxe nie sú konkurzy a reštrukturalizácie v podnikaní nič nové. Avšak súčasná spoločenská a politická situácia spôsobila, že sa o tejto téme začalo hovoriť viac. Mnohí o nich nemajú presnú predstavu až dovtedy, kým sa ich to bytostne netýka. A to už je väčšinou neskoro.
Gespeichert in:
| Format: | Buchkapitel |
|---|---|
| Sprache: | Slowakisch |
| Schlagworte: | |
| Tags: |
Keine Tags, Fügen Sie das erste Tag hinzu!
|
MARC
| LEADER | 00000naa a2200000 4500 | ||
|---|---|---|---|
| 001 | 0196603 | ||
| 005 | 20220725111433.3 | ||
| 041 | 0 | |a slo | |
| 044 | |a SK | ||
| 245 | 1 | 0 | |a Konkurz a reštrukturalizácia, alebo: kedy sa firma dá zachrániť |
| 520 | |a Z pohľadu bežnej praxe nie sú konkurzy a reštrukturalizácie v podnikaní nič nové. Avšak súčasná spoločenská a politická situácia spôsobila, že sa o tejto téme začalo hovoriť viac. Mnohí o nich nemajú presnú predstavu až dovtedy, kým sa ich to bytostne netýka. A to už je väčšinou neskoro. | ||
| 610 | 2 | 0 | |a konkurzy |
| 610 | 2 | 0 | |a reštrukturalizácia |
| 610 | 2 | 0 | |a insolventnosť |
| 610 | 2 | 0 | |a podnikanie |
| 610 | 2 | 0 | |a úpadok podniku |